Η μαθηματική ανακάλυψη : κατανόηση, μάθηση και διδασκαλία του τρόπου επίλυσης προβλημάτων

Αποθηκεύτηκε σε:
Λεπτομέρειες βιβλιογραφικής εγγραφής
Κύριος συγγραφέας: Polya, George, 1887-1985
Άλλοι συγγραφείς: Τσαπακίδης, Γιώργος (Μεταφραστής), Λάμπρου, Μιχαήλ (Επιμελητής έκδοσης)
Μορφή: Βιβλίο
Γλώσσα:Greek
English
Δημοσίευση: Αθήνα : Κάτοπτρο, 2001.
Θέματα:
Ετικέτες: Προσθήκη ετικέτας
Δεν υπάρχουν, Καταχωρήστε ετικέτα πρώτοι!

MARC

LEADER 00000cam a2200000 i 4500
001 1/59695
008 020326s2001 gr | ||| |||| | gre||
020 |a 9607778499   |q (set) 
020 |a 9607778502   |q (τ. 1) 
035 |l 10000544 
040 |a GR-MyUA  |b gre  |e AACR2 
041 1 |a gre  |h eng 
082 7 |a 510.76   |2 (22) 
100 1 |a Polya, George,   |d 1887-1985. 
245 1 2 |a Η μαθηματική ανακάλυψη :   |b κατανόηση, μάθηση και διδασκαλία του τρόπου επίλυσης προβλημάτων /   |c George Polya ; μετάφραση Σπύρος Στεργιάκης-Γιώργος Τσαπακίδης ; επιστημονική επιμέλεια: Μιχάλης Λάμπρου.  
260 |a Αθήνα :   |b Κάτοπτρο,   |c 2001.  
300 |a 255 σ. :   |b σχ. ;   |c 24 εκ. 
504 |a Βιβλιογραφία: σ. [253]-255.  
650 0 |a Mathematics  |x Problems, exercises, etc. 
650 0 |a Problem solving. 
700 1 |a Τσαπακίδης, Γιώργος,  |e trl 
700 1 |a Λάμπρου, Μιχαήλ,  |e edt 
765 0 8 |i Μετάφραση του:   |t Mathematical discovery :  
852 |a INST  |b RHODES  |e 20071211  |h 510.76 POL  |p 005400025026  |q 005400025026  |t BK  |y 0  |z τ.1 
852 |a INST  |b RHODES  |e 20071211  |h 510.76 POL  |p 005400025026  |q 005400025026  |t BK  |v τ.1:  |y 0  |z τ.1 
852 |a INST  |b SAMOS  |e 20020326  |h 510.76 POL  |p 005300020214  |q 005300020214  |t BK  |y 0  |z τ.1 
852 |a INST  |b SAMOS  |e 20020326  |h 510.76 POL  |p 005300020215  |q 005300020215  |t BK  |y 0  |z τ.1 
852 |a INST  |b SAMOS  |e 20020326  |h 510.76 POL  |p 005300020216  |q 005300020216  |t BK  |y 0  |z τ.1 
852 |a INST  |b SAMOS  |e 20020326  |h 510.76 POL  |p 005300020217  |q 005300020217  |t BK  |y 0  |z τ.1 
852 |a INST  |b SAMOS  |e 20020326  |h 510.76 POL  |p 005300020218  |q 005300020218  |t BK  |y 23  |z τ.1 
852 |a INST  |b SAMOS  |e 20080627  |h 510.76 POL  |p 005300030216  |q 005300030216  |t BK  |y 0  |z τ.1 
852 |a INST  |b SAMOS  |e 20020326  |h 510.76 POL  |p 005300020214  |q 005300020214  |t BK  |v τ.1:  |y 0  |z τ.1 
852 |a INST  |b SAMOS  |e 20020326  |h 510.76 POL  |p 005300020215  |q 005300020215  |t BK  |v τ.1:  |y 0  |z τ.1 
852 |a INST  |b SAMOS  |e 20020326  |h 510.76 POL  |p 005300020216  |q 005300020216  |t BK  |v τ.1:  |y 0  |z τ.1 
852 |a INST  |b SAMOS  |e 20020326  |h 510.76 POL  |p 005300020217  |q 005300020217  |t BK  |v τ.1:  |y 0  |z τ.1 
852 |a INST  |b SAMOS  |e 20020326  |h 510.76 POL  |p 005300020218  |q 005300020218  |t BK  |v τ.1:  |y 23  |z τ.1 
852 |a INST  |b SAMOS  |e 20080627  |h 510.76 POL  |p 005300030216  |q 005300030216  |t BK  |v τ.1:  |y 0  |z τ.1 
852 |a INST  |b SYROS  |e 20070823  |h 510.76 POL  |p 005500007217  |q 005500007217  |t BK  |y 0  |z τ.1 
852 |a INST  |b SYROS  |e 20070823  |h 510.76 POL  |p 005500007217  |q 005500007217  |t BK  |v τ.1:  |y 0  |z τ.1 
853 |a INST  |b RHODES  |h 510.76 POL 
853 |a INST  |b SAMOS  |h 510.76 POL 
853 |a INST  |b SYROS  |h 510.76 POL 
901 |a BIBL3-2008-2 
901 |a BIBL5-2007-2 
901 |a BIBL3-2002-1 
901 |a BIBL4-2007-3 
922 |a 3ΕΛΗ  |b 200711  |c ΕΠΕΑΕΚ2/ΤΜΗΜΑ ΜΑΘΗΜΑΤΙΚΩΝ  |d ΠΑΤΑΚΗΣ 
922 |a 5ΕΛΗ  |b 200705  |c ΕΠΕΑΕΚ2/ΤΜΣΠΣ  |d Σ. ΠΑΤΑΚΗΣ 
922 |a 4ΕΛΗ  |b 200711  |c ΕΠΕΑΕΚ2/ΠΤΔΕ  |d Σ. ΠΑΤΑΚΗΣ 
970 |a ΜΑΛΑΓΑΡΗ  |b ΦΩΤΕΙΝΗ  |z 2002/03/26